000 00651nam a2200217 a 4500
999 _c743
_d743
005 20191224041540.0
008 140221b1987 ck ||||| |||| 00| 0 spa d
040 _aCO-BoIAVH
_cCO-BoIAVH
041 _aspa
044 _ack
090 _aIND-I
_b33
100 _aRueda Almonacid, José Vicente
245 1 0 _aInforme sobre la situación actual de las poblaciones de tortugas marinas en el Caribe colombiano
260 _aBogotá
_bINDERENA
_c1987
300 _a61 páginas
650 1 4 _aEcología de poblaciones
650 1 4 _aTortugas marinas
650 1 4 _aEspecies en peligro
662 _aColombia
942 _cINFORME
_2z